[Event "Mitropa Cup 34th"]
[Site "Mayrhofen"]
[Date "2015.06.14"]
[Round "1.4"]
[White "Kozak, Adam"]
[Black "Druska, Juraj"]
[Result "0-1"]
[WhiteElo "2340"]
[BlackElo "2433"]
[PlyCount "72"]
[EventDate "2015.06.14"]
[EventType "team"]
[EventRounds "9"]
[EventCountry "AUT"]
[WhiteTeam "Hungary"]
[BlackTeam "Slovakia"]
[WhiteTeamCountry "HUN"]
[BlackTeamCountry "SVK"]

1. d4 Nf6 2. c4 e6 3. Nc3 Bb4 4. e3 O-O 5. Bd3 c5 6. Nf3 d5 7. O-O Nc6 8. a3
Bxc3 9. bxc3 Qc7 10. Bb2 Na5 11. cxd5 exd5 12. a4 c4 13. Bc2 Re8 14. Qb1 Ne4
15. Bxe4 dxe4 16. Nd2 Nb3 17. Nxb3 cxb3 18. d5 Bg4 19. Ba3 Be2 20. Re1 Qc4 21.
d6 Bd3 22. Qb2 Red8 23. a5 Bc2 24. Bb4 Rac8 25. Rac1 Rc6 26. Ra1 Re8 27. Qc1
Re5 28. Qb2 Rd5 29. h3 h6 30. Rac1 Rc8 31. Qa3 Rd2 32. Qb2 Re8 33. Ra1 Re5 34.
Rac1 Rg5 35. Rf1 Kh7 36. Kh1 Bd1 0-1

[Event "Mitropa Cup 34th"]
[Site "Mayrhofen"]
[Date "2015.06.15"]
[Round "2.1"]
[White "Pelletier, Yannick"]
[Black "Havasi, Gergo"]
[Result "1/2-1/2"]
[WhiteElo "2563"]
[BlackElo "2355"]
[PlyCount "141"]
[EventDate "2015.06.14"]
[EventType "team"]
[EventRounds "9"]
[EventCountry "AUT"]
[WhiteTeam "Switzerland"]
[BlackTeam "Hungary"]
[WhiteTeamCountry "SUI"]
[BlackTeamCountry "HUN"]

1. Nf3 d5 2. g3 c6 3. Bg2 Bf5 4. c4 e6 5. cxd5 exd5 6. O-O Nf6 7. d3 Na6 8. Be3
Bd6 9. Qb3 Qe7 10. Nc3 O-O 11. Nd4 Bg6 12. Bh3 Nc5 13. Qc2 Ne6 14. Na4 Rfe8 15.
Rfe1 Bb4 16. Nxe6 fxe6 17. Bc5 Bxc5 18. Qxc5 Bf5 19. Qxe7 Rxe7 20. Bg2 Bg6 21.
Rac1 e5 22. b4 e4 23. dxe4 Bxe4 24. Nc5 Bxg2 25. Kxg2 a5 26. a3 axb4 27. axb4
Ra2 28. Kf1 Rb2 29. Nd3 Rb3 30. Rb1 Rxb1 31. Rxb1 Ne4 32. Ra1 Nd2+ 33. Kg2 Nb3
34. Ra8+ Kf7 35. e3 Nd2 36. b5 cxb5 37. Rd8 Nc4 38. Nb4 Nb6 39. Nxd5 Rd7 40.
Rxd7+ Nxd7 41. Kf3 g5 42. h3 Nc5 43. e4 h5 44. Ke3 g4 45. hxg4 hxg4 46. Kd4
Ne6+ 47. Ke5 Ng5 48. Kf5 Nh3 49. Kxg4 Nxf2+ 50. Kf5 Nd3 51. e5 Nc5 52. Nb4 Ne6
53. Nd3 Nd4+ 54. Ke4 Ne2 55. g4 Nc3+ 56. Kd4 Ne2+ 57. Kd5 Ke7 58. g5 Ng3 59. e6
Nh5 60. Ke5 Ng7 61. Nf4 Ne8 62. Nd5+ Kf8 63. Nf6 Ng7 64. Nd5 Ne8 65. Nf6 Ng7
66. Kd6 Nf5+ 67. Kd7 b4 68. Nd5 b3 69. Nc3 b2 70. g6 Kg7 71. e7 1/2-1/2

[Event "Mitropa Cup 34th"]
[Site "Mayrhofen"]
[Date "2015.06.15"]
[Round "2.2"]
[White "Kantor, Gergely"]
[Black "Loetscher, Roland"]
[Result "1-0"]
[WhiteElo "2416"]
[BlackElo "2449"]
[PlyCount "146"]
[EventDate "2015.06.14"]
[EventType "team"]
[EventRounds "9"]
[EventCountry "AUT"]
[WhiteTeam "Hungary"]
[BlackTeam "Switzerland"]
[WhiteTeamCountry "HUN"]
[BlackTeamCountry "SUI"]

1. d4 d5 2. c4 c6 3. Nf3 Nf6 4. g3 g6 5. Bg2 Bg7 6. O-O O-O 7. Qb3 e6 8. Nc3
Nbd7 9. Rd1 Qe7 10. Bf4 h6 11. Rac1 Re8 12. a3 Nb6 13. c5 Nbd7 14. Bd6 Qd8 15.
Qc2 Kh8 16. b4 a6 17. Ne5 Nxe5 18. Bxe5 Kg8 19. e4 dxe4 20. Nxe4 Nxe4 21. Bxe4
Bd7 22. h4 Qe7 23. Qc3 f6 24. Bd6 Qf7 25. a4 Bf8 26. Bxf8 Rxf8 27. Bd3 Kg7 28.
Bc4 Rfe8 29. Re1 Re7 30. Re4 Rae8 31. Rce1 Bc8 32. Qe3 Bd7 33. Bb3 Qf8 34. Qc3
Qf7 35. Qe3 Qf8 36. Qc3 Qf7 37. g4 g5 38. f4 gxf4 39. Rxf4 Rf8 40. Ref1 Qg6 41.
Kh2 Kg8 42. Qf3 Ref7 43. Rf2 Kh8 44. Rg2 Qg7 45. Qe3 Re7 46. Rgf2 Bc8 47. R4f3
Ree8 48. Qf4 Kg8 49. Rg2 Kh8 50. Rgf2 Kg8 51. Bc4 Bd7 52. Qe3 Bc8 53. Rg3 Kh8
54. Rgf3 Kg8 55. Rg2 Kh8 56. g5 fxg5 57. hxg5 Rxf3 58. Qxf3 Qxd4 59. gxh6 Qh4+
60. Kg1 Qd4+ 61. Kh2 Qh4+ 62. Kg1 Qd4+ 63. Qf2 e5 64. Qxd4 exd4 65. Kf2 Be6 66.
Bd3 Rg8 67. Rxg8+ Kxg8 68. Kf3 Bb3 69. a5 Kf7 70. Kf4 Kf6 71. h7 Kg7 72. Ke5
Ba4 73. Kxd4 Bb5 1-0

[Event "Mitropa Cup 34th"]
[Site "Mayrhofen"]
[Date "2015.06.15"]
[Round "2.3"]
[White "Gallagher, Joseph G"]
[Black "Korpa, Bence"]
[Result "1/2-1/2"]
[WhiteElo "2476"]
[BlackElo "2432"]
[PlyCount "71"]
[EventDate "2015.06.14"]
[EventType "team"]
[EventRounds "9"]
[EventCountry "AUT"]
[WhiteTeam "Switzerland"]
[BlackTeam "Hungary"]
[WhiteTeamCountry "SUI"]
[BlackTeamCountry "HUN"]

1. e4 c6 2. d4 d5 3. Nc3 dxe4 4. Nxe4 Bf5 5. Ng3 Bg6 6. Nf3 Nd7 7. Bc4 e6 8.
O-O Ngf6 9. Re1 Be7 10. Nh4 Qc7 11. c3 O-O 12. Nxg6 hxg6 13. Qf3 c5 14. Bf4 Bd6
15. Bxd6 Qxd6 16. Rad1 Qc7 17. Bb3 Rad8 18. h4 cxd4 19. cxd4 Rfe8 20. h5 g5 21.
Rc1 Qb8 22. Qe3 Nh7 23. Ne4 Ndf6 24. Nxg5 Ng4 25. Qh3 Qf4 26. Nf3 Rxd4 27. Qh4
Rb4 28. Ne5 Qf6 29. Qxf6 Nhxf6 30. Nxg4 Rxg4 31. a3 Rd4 32. Rc7 Rd2 33. Ba4 Rb8
34. b4 Rd3 35. Ra1 Nxh5 36. Bc2 1/2-1/2

[Event "Mitropa Cup 34th"]
[Site "Mayrhofen"]
[Date "2015.06.15"]
[Round "2.4"]
[White "Kozak, Adam"]
[Black "Patuzzo, Fabrizio"]
[Result "1/2-1/2"]
[WhiteElo "2340"]
[BlackElo "2282"]
[PlyCount "244"]
[EventDate "2015.06.14"]
[EventType "team"]
[EventRounds "9"]
[EventCountry "AUT"]
[WhiteTeam "Hungary"]
[BlackTeam "Switzerland"]
[WhiteTeamCountry "HUN"]
[BlackTeamCountry "SUI"]

1. d4 d5 2. c4 c6 3. Nf3 Nf6 4. Nc3 Bf5 5. cxd5 Nxd5 6. e3 e6 7. Bc4 Nd7 8. O-O
Be7 9. Re1 N7f6 10. Qb3 Nxc3 11. bxc3 Qb6 12. Nd2 Ne4 13. Nxe4 Bxe4 14. Qd1 Qa5
15. Bd2 c5 16. Qg4 Bg6 17. Qe2 O-O 18. d5 exd5 19. Bxd5 Qc7 20. e4 Rad8 21. c4
Kh8 22. Bc3 f6 23. Qb2 Bd6 24. g3 Be5 25. Rab1 b6 26. a4 Bxc3 27. Qxc3 Rb8 28.
Qa3 a5 29. Rb3 Rfe8 30. Qb2 h5 31. h4 Re7 32. Qe2 Qe5 33. Reb1 Qc7 34. Qf3 Qd6
35. R1b2 Qc7 36. Rb1 Qd6 37. R1b2 Qc7 38. Qd3 Qd6 39. Qb1 Qe5 40. Re3 Qc7 41.
Reb3 Qe5 42. Rxb6 Rxb6 43. Rxb6 Bxe4 44. Qd1 Bg6 45. Rc6 Qc3 46. Rc8+ Kh7 47.
Qf3 Qxf3 48. Bxf3 Re1+ 49. Kh2 Rf1 50. Kg2 Ra1 51. Rxc5 Rxa4 52. Bxh5 Bxh5 53.
Rxh5+ Kg6 54. Rc5 Rb4 55. Rc7 a4 56. c5 a3 57. Ra7 Rc4 58. Rxa3 Rxc5 59. Ra4
Kh6 60. Rg4 g6 61. Rf4 f5 62. Ra4 Rb5 63. Ra7 Rb3 64. Re7 Ra3 65. Kf1 Kh5 66.
Kg2 Kh6 67. Re8 Kg7 68. Re3 Ra4 69. Kf3 Kf6 70. Rb3 Ra6 71. Rb4 Rc6 72. Ke3 Ra6
73. Kd4 Rd6+ 74. Ke3 Ra6 75. Rf4 Ra3+ 76. Kd4 Ra4+ 77. Kc5 Ra5+ 78. Kd4 Ra4+
79. Ke3 Ra3+ 80. Ke2 Ra2+ 81. Kf3 Ra3+ 82. Kg2 Ke5 83. Rb4 Ra6 84. Rb7 Kf6 85.
Rh7 Ra4 86. Rc7 Ra6 87. Rb7 Rc6 88. Kf3 Rc3+ 89. Kf4 Rc4+ 90. Ke3 Rc3+ 91. Kd4
Rf3 92. Rb2 Ke6 93. Rb6+ Kf7 94. Ke5 Rxf2 95. Rb7+ Kg8 96. Kf6 Rf3 97. Rg7+ Kh8
98. Rxg6 f4 99. g4 Ra3 100. Kg5 f3 101. h5 Ra5+ 102. Kh6 Ra4 103. g5 Rf4 104.
Rb6 Kg8 105. Rb8+ Rf8 106. Rxf8+ Kxf8 107. Kh7 f2 108. g6 f1=Q 109. g7+ Ke7
110. g8=Q Qf7+ 111. Qg7 Ke8 112. h6 Ke7 113. Kh8 Ke8 114. Qe5+ Kd7 115. Qd4+
Ke7 116. Qg7 Ke8 117. Qe5+ Kd7 118. Qb5+ Ke7 119. Qb7+ Ke8 120. Qc8+ Ke7 121.
Qc5+ Ke8 122. Qe5+ Kd7 1/2-1/2

[Event "Mitropa Cup 34th"]
[Site "Mayrhofen"]
[Date "2015.06.15"]
[Round "2.1"]
[White "Bluebaum, Matthias"]
[Black "Michalik, Peter"]
[Result "1/2-1/2"]
[WhiteElo "2600"]
[BlackElo "2546"]
[PlyCount "58"]
[EventDate "2015.06.14"]
[EventType "team"]
[EventRounds "9"]
[EventCountry "AUT"]
[WhiteTeam "Germany"]
[BlackTeam "Slovakia"]
[WhiteTeamCountry "GER"]
[BlackTeamCountry "SVK"]

1. d4 d5 2. c4 c6 3. Nf3 Nf6 4. Nc3 dxc4 5. a4 Bf5 6. Ne5 Nbd7 7. Nxc4 Nb6 8.
Ne5 a5 9. h4 Nfd7 10. e4 Nxe5 11. exf5 Nec4 12. h5 e5 13. fxe6 Qe7 14. Bxc4
Nxc4 15. O-O O-O-O 16. Re1 fxe6 17. Ne4 Qd7 18. Qe2 Bb4 19. Rd1 Qd5 20. b3 Nd6
21. Nc5 Rhe8 22. Bb2 Nf5 23. Rac1 Re7 24. Rd3 g6 25. Ne4 e5 26. Nf6 Qd6 27. Ne4
Qd5 28. Nf6 Qd6 29. Ne4 Qd5 1/2-1/2

[Event "Mitropa Cup 34th"]
[Site "Mayrhofen"]
[Date "2015.06.15"]
[Round "2.2"]
[White "Jurcik, Marian"]
[Black "Wagner, Dennis"]
[Result "1-0"]
[WhiteElo "2487"]
[BlackElo "2569"]
[PlyCount "77"]
[EventDate "2015.06.14"]
[EventType "team"]
[EventRounds "9"]
[EventCountry "AUT"]
[WhiteTeam "Slovakia"]
[BlackTeam "Germany"]
[WhiteTeamCountry "SVK"]
[BlackTeamCountry "GER"]

1. e4 e6 2. d4 d5 3. Nd2 c5 4. Ngf3 cxd4 5. Nxd4 Nc6 6. Bb5 Bd7 7. Nxc6 bxc6 8.
Bd3 Bd6 9. Qe2 Ne7 10. Nf3 Ng6 11. O-O O-O 12. c4 Qc7 13. Re1 dxe4 14. Bxe4 f5
15. Bc2 c5 16. h4 e5 17. h5 Nh8 18. h6 e4 19. hxg7 Kxg7 20. Ng5 h6 21. Nh3 Rf6
22. Bd2 Rg6 23. Qe3 Nf7 24. Nf4 Rg4 25. Bc3+ Ne5 26. f3 Kh7 27. fxg4 Nxg4 28.
Nd5 Nxe3 29. Nxc7 Nxc2 30. Nxa8 Bc6 31. Rad1 Bf4 32. Re2 Ne3 33. Rd8 Ng4 34.
Rc8 Bb7 35. Rc7+ Bxc7 36. Nxc7 f4 37. Nd5 f3 38. Rxe4 f2+ 39. Kf1 1-0

[Event "Mitropa Cup 34th"]
[Site "Mayrhofen"]
[Date "2015.06.15"]
[Round "2.3"]
[White "Heimann, Andreas"]
[Black "Repka, Christopher"]
[Result "1-0"]
[WhiteElo "2551"]
[BlackElo "2414"]
[PlyCount "71"]
[EventDate "2015.06.14"]
[EventType "team"]
[EventRounds "9"]
[EventCountry "AUT"]
[WhiteTeam "Germany"]
[BlackTeam "Slovakia"]
[WhiteTeamCountry "GER"]
[BlackTeamCountry "SVK"]

1. Nf3 Nf6 2. c4 e6 3. g3 b6 4. Bg2 Bb7 5. O-O Be7 6. d4 O-O 7. Re1 d6 8. Nc3
Nbd7 9. d5 e5 10. Nh4 g6 11. e4 Nh5 12. Nf5 Bg5 13. Be3 Ng7 14. Nxg7 Bxe3 15.
Rxe3 Kxg7 16. f4 Qe7 17. Bh3 Nf6 18. Qf3 Rae8 19. Rae1 c6 20. R3e2 cxd5 21.
exd5 Qc7 22. Nb5 Qxc4 23. Nxd6 Qc5+ 24. Qf2 Qxd5 25. Nxe8+ Rxe8 26. Bg2 e4 27.
h3 Qxa2 28. g4 Qc4 29. Rc2 Qb4 30. Qd2 Qb3 31. Rc7 Qd3 32. Qxd3 exd3 33. Rxe8
d2 34. Rd8 Nd5 35. Bf3 Nxc7 36. Bxb7 1-0

[Event "Mitropa Cup 34th"]
[Site "Mayrhofen"]
[Date "2015.06.15"]
[Round "2.4"]
[White "Druska, Juraj"]
[Black "Paehtz, Elisabeth"]
[Result "1/2-1/2"]
[WhiteElo "2433"]
[BlackElo "2458"]
[PlyCount "62"]
[EventDate "2015.06.14"]
[EventType "team"]
[EventRounds "9"]
[EventCountry "AUT"]
[WhiteTeam "Slovakia"]
[BlackTeam "Germany"]
[WhiteTeamCountry "SVK"]
[BlackTeamCountry "GER"]

1. e4 e5 2. Nc3 Nf6 3. g3 d5 4. exd5 Nxd5 5. Bg2 Nxc3 6. bxc3 Bc5 7. Nf3 Nc6 8.
O-O O-O 9. Re1 Qf6 10. Rb1 Bg4 11. h3 Bh5 12. d3 Bb6 13. Qe2 e4 14. dxe4 Qxc3
15. Bb2 Bxf3 16. Bxf3 Qa5 17. Qc4 Rad8 18. Red1 Rd2 19. Rxd2 Qxd2 20. Qe2 Qg5
21. Kg2 Rd8 22. Rd1 Rxd1 23. Qxd1 Qc5 24. Qd2 h6 25. e5 Nxe5 26. Bxe5 Qxe5 27.
Bxb7 Qd6 28. Qe2 g6 29. h4 h5 30. Qf3 Kg7 31. Bd5 Qf6 1/2-1/2

[Event "Mitropa Cup 34th"]
[Site "Mayrhofen"]
[Date "2015.06.15"]
[Round "2.1"]
[White "Borisek, Jure"]
[Black "Bailet, Pierre"]
[Result "1-0"]
[WhiteElo "2571"]
[BlackElo "2518"]
[PlyCount "83"]
[EventDate "2015.06.14"]
[EventType "team"]
[EventRounds "9"]
[EventCountry "AUT"]
[WhiteTeam "Slovenia"]
[BlackTeam "France"]
[WhiteTeamCountry "SLO"]
[BlackTeamCountry "FRA"]

1. e4 e5 2. Nf3 Nc6 3. Bb5 a6 4. Ba4 Nf6 5. O-O Be7 6. Re1 b5 7. Bb3 d6 8. c3
O-O 9. h3 Na5 10. Bc2 c5 11. d4 Qc7 12. Nbd2 cxd4 13. cxd4 Bb7 14. d5 Rac8 15.
Bb1 Nd7 16. Nf1 Nc4 17. Ng3 g6 18. b3 Ncb6 19. Bh6 Rfe8 20. Bd3 Nc5 21. Rc1 Qd8
22. Bc2 b4 23. Bd2 a5 24. a3 Na6 25. Bd3 Rxc1 26. Bxc1 Qc7 27. Bxa6 Bxa6 28.
axb4 axb4 29. Bd2 Qc5 30. Be3 Qb5 31. Nh2 Nd7 32. Ng4 Bf8 33. Qf3 Qd3 34. Nf5
f6 35. Ngh6+ Bxh6 36. Nxh6+ Kf8 37. Rc1 Rc8 38. Rc6 Ke7 39. Qg4 f5 40. Nxf5+
gxf5 41. Bg5+ Ke8 42. Qh5+ 1-0

[Event "Mitropa Cup 34th"]
[Site "Mayrhofen"]
[Date "2015.06.15"]
[Round "2.2"]
[White "Dourerassou, Jonathan"]
[Black "Sebenik, Matej"]
[Result "1/2-1/2"]
[WhiteElo "2415"]
[BlackElo "2512"]
[PlyCount "52"]
[EventDate "2015.06.14"]
[EventType "team"]
[EventRounds "9"]
[EventCountry "AUT"]
[WhiteTeam "France"]
[BlackTeam "Slovenia"]
[WhiteTeamCountry "FRA"]
[BlackTeamCountry "SLO"]

1. e4 c5 2. Nf3 d6 3. d4 cxd4 4. Nxd4 Nf6 5. Nc3 g6 6. Be3 Bg7 7. Be2 O-O 8.
Qd2 Nc6 9. O-O-O Ng4 10. Bxg4 Bxg4 11. f3 Bd7 12. Kb1 Ne5 13. h4 Nc4 14. Qd3
Rc8 15. Bc1 e6 16. h5 Qb6 17. Ka1 Rc7 18. hxg6 hxg6 19. f4 Rfc8 20. f5 Na3 21.
Qh3 Bxd4 22. Qh7+ Kf8 23. Bh6+ Ke7 24. Bg5+ Kf8 25. Bh6+ Ke7 26. Bg5+ Kf8
1/2-1/2

[Event "Mitropa Cup 34th"]
[Site "Mayrhofen"]
[Date "2015.06.15"]
[Round "2.3"]
[White "Markoja, Boris"]
[Black "Barbot, Pierre"]
[Result "1/2-1/2"]
[WhiteElo "2372"]
[BlackElo "2463"]
[PlyCount "60"]
[EventDate "2015.06.14"]
[EventType "team"]
[EventRounds "9"]
[EventCountry "AUT"]
[WhiteTeam "Slovenia"]
[BlackTeam "France"]
[WhiteTeamCountry "SLO"]
[BlackTeamCountry "FRA"]

1. c4 e5 2. g3 Nf6 3. Bg2 d5 4. cxd5 Nxd5 5. Nc3 Nb6 6. Nf3 Nc6 7. O-O Be7 8.
a3 O-O 9. b4 Re8 10. d3 Bf8 11. Nd2 a5 12. b5 Nd4 13. e3 Ne6 14. Nf3 Bd6 15. d4
exd4 16. exd4 Be7 17. Qd3 c5 18. bxc6 bxc6 19. Rd1 Ba6 20. Qc2 Bf6 21. Ne4 Bc4
22. Nxf6+ Qxf6 23. Rb1 Bd5 24. Bg5 Nxg5 25. Nxg5 Qxg5 26. Rxb6 Bxg2 27. Kxg2
Re6 28. d5 cxd5 29. Rxe6 fxe6 30. Qc6 Rd8 1/2-1/2

[Event "Mitropa Cup 34th"]
[Site "Mayrhofen"]
[Date "2015.06.15"]
[Round "2.4"]
[White "Di Nicolantonio, Lucas"]
[Black "Spalir, Jernej"]
[Result "1-0"]
[WhiteElo "2417"]
[BlackElo "2361"]
[PlyCount "91"]
[EventDate "2015.06.14"]
[EventType "team"]
[EventRounds "9"]
[EventCountry "AUT"]
[WhiteTeam "France"]
[BlackTeam "Slovenia"]
[WhiteTeamCountry "FRA"]
[BlackTeamCountry "SLO"]

1. d4 d5 2. c4 c6 3. Nc3 Nf6 4. e3 e6 5. Nf3 Nbd7 6. Bd3 dxc4 7. Bxc4 b5 8. Bd3
a6 9. e4 c5 10. d5 c4 11. Bc2 Nc5 12. O-O b4 13. Na4 Nfxe4 14. dxe6 Bxe6 15.
Qe2 Rc8 16. Bxe4 Nxa4 17. Bb7 Rc5 18. Be3 Rc7 19. Bxa6 Qd5 20. Nd4 Be7 21. Rac1
O-O 22. Nxe6 Qxe6 23. Bxc4 Qe5 24. g3 Bf6 25. Bb3 Nc5 26. Qg4 Nxb3 27. Rxc7
Qxc7 28. axb3 Bxb2 29. Qxb4 Rb8 30. Qc4 Qb7 31. Rd1 h5 32. Rb1 Bf6 33. h4 Rc8
34. Qf4 Qb5 35. b4 Qd3 36. Rc1 Rxc1+ 37. Bxc1 Bc3 38. Kh2 g6 39. Be3 Qb5 40.
Bc5 Be1 41. Qf6 Qe8 42. Bd4 Kf8 43. b5 Bb4 44. b6 Qd7 45. b7 Bd6 46. Bc5 1-0

[Event "Mitropa Cup 34th"]
[Site "Mayrhofen"]
[Date "2015.06.15"]
[Round "2.1"]
[White "Babula, Vlastimil"]
[Black "Saric, Ante"]
[Result "1-0"]
[WhiteElo "2552"]
[BlackElo "2580"]
[PlyCount "67"]
[EventDate "2015.06.14"]
[EventType "team"]
[EventRounds "9"]
[EventCountry "AUT"]
[WhiteTeam "Czech Republic"]
[BlackTeam "Croatia"]
[WhiteTeamCountry "CZE"]
[BlackTeamCountry "CRO"]

1. d4 Nf6 2. c4 e6 3. Nf3 d5 4. Nc3 Nbd7 5. Bg5 h6 6. Bh4 Be7 7. e3 O-O 8. Qc2
c6 9. Rd1 b6 10. Be2 Bb7 11. O-O Rc8 12. Qb1 c5 13. dxc5 Rxc5 14. Bxf6 Nxf6 15.
e4 Qb8 16. exd5 exd5 17. b4 Rcc8 18. Nxd5 Nxd5 19. cxd5 Qd6 20. Nd4 g6 21. Ne6
Rfe8 22. Bb5 Bf6 23. Bxe8 Rxe8 24. Nc5 Bxd5 25. Ne4 Bxe4 26. Rxd6 Bxb1 27. Rxb1
Bc3 28. a3 Re2 29. g3 Ra2 30. Rb3 Bb2 31. Rd7 a6 32. Ra7 a5 33. bxa5 Bd4 34.
Rf3 1-0

[Event "Mitropa Cup 34th"]
[Site "Mayrhofen"]
[Date "2015.06.15"]
[Round "2.2"]
[White "Bosiocic, Marin"]
[Black "Kriebel, Tadeas"]
[Result "1/2-1/2"]
[WhiteElo "2558"]
[BlackElo "2459"]
[PlyCount "73"]
[EventDate "2015.06.14"]
[EventType "team"]
[EventRounds "9"]
[EventCountry "AUT"]
[WhiteTeam "Croatia"]
[BlackTeam "Czech Republic"]
[WhiteTeamCountry "CRO"]
[BlackTeamCountry "CZE"]

1. d4 d5 2. c4 e6 3. Nf3 Nf6 4. g3 dxc4 5. Bg2 Nc6 6. O-O Rb8 7. e3 Be7 8. Qe2
b5 9. b3 O-O 10. Rd1 Bb7 11. Ne5 Nxe5 12. dxe5 Nd7 13. Bxb7 Rxb7 14. bxc4 c6
15. cxb5 cxb5 16. Bb2 Qb8 17. f4 Nc5 18. Nd2 Rd8 19. Bd4 Rbd7 20. Rac1 Rd5 21.
Rc2 Qb7 22. Rdc1 Na6 23. Nb3 Ba3 24. Rb1 Bb4 25. Qf2 R5d7 26. Qg2 Rd5 27. Rf1
Qe7 28. Rcf2 Nc5 29. f5 Nxb3 30. axb3 Bc5 31. f6 Qc7 32. Rc2 Rxd4 33. exd4
Bxd4+ 34. Kh1 Qxe5 35. fxg7 Bb6 36. Re2 Qd5 37. Qxd5 1/2-1/2

[Event "Mitropa Cup 34th"]
[Site "Mayrhofen"]
[Date "2015.06.15"]
[Round "2.3"]
[White "Kociscak, Jiri"]
[Black "Martinovic, Sasa"]
[Result "1/2-1/2"]
[WhiteElo "2474"]
[BlackElo "2542"]
[PlyCount "136"]
[EventDate "2015.06.14"]
[EventType "team"]
[EventRounds "9"]
[EventCountry "AUT"]
[WhiteTeam "Czech Republic"]
[BlackTeam "Croatia"]
[WhiteTeamCountry "CZE"]
[BlackTeamCountry "CRO"]

1. d4 Nf6 2. c4 g6 3. g3 Bg7 4. Bg2 c6 5. Nf3 d5 6. O-O O-O 7. Nc3 dxc4 8. a4
Na6 9. h3 Nb4 10. Ne5 Be6 11. a5 c5 12. dxc5 Qc7 13. Nf3 Qxc5 14. Be3 Qc8 15.
Ng5 Bf5 16. g4 Bc2 17. Qc1 Bb3 18. Nge4 Nxe4 19. Bxe4 f5 20. Bf3 Kh8 21. Bh6 e5
22. a6 Nxa6 23. Bxg7+ Kxg7 24. Nd5 Qe6 25. Qc3 Kg8 26. Rxa6 bxa6 27. Nc7 Qd6
28. Bxa8 Qxc7 29. Bd5+ Kg7 30. e4 fxe4 31. Re1 Rf4 32. Bxe4 Qc5 33. Bf3 Qd4 34.
Kg2 Kf6 35. g5+ Kxg5 36. Rxe5+ Kh6 37. Ra5 Qxc3 38. bxc3 Rf6 39. Bb7 Rd6 40.
Be4 Bd1 41. Bd5 Be2 42. Rc5 Bd3 43. Bxc4 Bxc4 44. Rxc4 a5 45. Ra4 Rd5 46. Rc4
Kg5 47. Rc7 h5 48. c4 Rf5 49. Rxa7 Kf4 50. Rc7 Ke4 51. c5 Kd4 52. c6 Kc5 53.
Kg3 Rf6 54. Ra7 Kb6 55. Ra8 Rxc6 56. f4 Kb5 57. Kh4 Ra6 58. Rf8 a4 59. f5 a3
60. fxg6 a2 61. Rf1 Rxg6 62. Kxh5 Ra6 63. Ra1 Kc4 64. h4 Kd4 65. Kg5 Ke4 66. h5
Ra5+ 67. Kg6 Ra6+ 68. Kg5 Ra5+ 1/2-1/2

[Event "Mitropa Cup 34th"]
[Site "Mayrhofen"]
[Date "2015.06.15"]
[Round "2.4"]
[White "Jovanovic, Zoran"]
[Black "Rojicek, Vojtech"]
[Result "1-0"]
[WhiteElo "2520"]
[BlackElo "2414"]
[PlyCount "89"]
[EventDate "2015.06.14"]
[EventType "team"]
[EventRounds "9"]
[EventCountry "AUT"]
[WhiteTeam "Croatia"]
[BlackTeam "Czech Republic"]
[WhiteTeamCountry "CRO"]
[BlackTeamCountry "CZE"]

1. e4 c6 2. Nc3 d5 3. d4 dxe4 4. Nxe4 Bf5 5. Qf3 e6 6. Ne2 Be7 7. c3 Nf6 8.
Nxf6+ Bxf6 9. Nf4 Nd7 10. Bc4 Nb6 11. Bb3 Nd5 12. Nh5 Bg6 13. Nxf6+ Qxf6 14.
Qg3 O-O 15. O-O h6 16. Re1 a5 17. a3 a4 18. Ba2 b5 19. h4 Rfe8 20. Re5 Bc2 21.
h5 Kh8 22. Bd2 Rab8 23. Rae1 Rec8 24. Bc1 Bh7 25. f3 Rb7 26. Qf2 Nf4 27. Bxf4
Qxf4 28. Qe3 Qxe3+ 29. R1xe3 Bc2 30. Kf2 Rd8 31. g4 Rc7 32. f4 Bb3 33. Bxb3
axb3 34. f5 exf5 35. gxf5 Kg8 36. Re8+ Rxe8 37. Rxe8+ Kh7 38. Re5 Rd7 39. Kf3
Rd6 40. Re7 Kg8 41. Re8+ Kh7 42. Rf8 Rd7 43. Ke4 g6 44. Rxf7+ Rxf7 45. fxg6+
1-0

[Event "Mitropa Cup 34th"]
[Site "Mayrhofen"]
[Date "2015.06.16"]
[Round "3.1"]
[White "Saric, Ante"]
[Black "Pelletier, Yannick"]
[Result "1/2-1/2"]
[WhiteElo "2580"]
[BlackElo "2563"]
[PlyCount "121"]
[EventDate "2015.06.14"]
[EventType "team"]
[EventRounds "9"]
[EventCountry "AUT"]
[WhiteTeam "Croatia"]
[BlackTeam "Switzerland"]
[WhiteTeamCountry "CRO"]
[BlackTeamCountry "SUI"]

1. c4 Nf6 2. g3 e6 3. Bg2 d5 4. Nf3 dxc4 5. Qa4+ Nbd7 6. Qxc4 a6 7. Qc2 c5 8.
Nc3 Qc7 9. O-O b6 10. d4 Bb7 11. dxc5 Bxc5 12. Bf4 Bd6 13. Bxd6 Qxd6 14. Rfd1
Qe7 15. e4 Rc8 16. Qe2 O-O 17. Nd4 Rc5 18. Nb3 Rc7 19. e5 Ne8 20. Bxb7 Rxb7 21.
Rd2 b5 22. Rad1 Rc7 23. Rd6 b4 24. Na4 Nxe5 25. Qxe5 Nxd6 26. Qxd6 Ra8 27. Qxe7
Rxe7 28. Rd4 Rb7 29. Na5 Rb5 30. Nc6 a5 31. Rd7 g6 32. Kg2 Ra6 33. Rc7 Kf8 34.
f4 Rf5 35. Kf3 g5 36. Ke4 gxf4 37. gxf4 h6 38. h3 Rh5 39. b3 Rf5 40. Ne5 Rd6
41. Rc5 Rd2 42. Rxa5 Rxa2 43. Rb5 Kg7 44. Kf3 Rh2 45. Kg3 Re2 46. Rxb4 Re3+ 47.
Kg2 Re2+ 48. Kg3 Re3+ 49. Nf3 e5 50. Kg4 Rxf4+ 51. Rxf4 exf4 52. Nc5 Rc3 53. b4
h5+ 54. Kxf4 Rc4+ 55. Ne4 Rxb4 56. Kf5 Rb5+ 57. Ne5 Rb3 58. h4 Rh3 59. Kg5 f6+
60. Nxf6 Rxh4 61. Kxh4 1/2-1/2

[Event "Mitropa Cup 34th"]
[Site "Mayrhofen"]
[Date "2015.06.16"]
[Round "3.2"]
[White "Loetscher, Roland"]
[Black "Bosiocic, Marin"]
[Result "1/2-1/2"]
[WhiteElo "2449"]
[BlackElo "2558"]
[PlyCount "100"]
[EventDate "2015.06.14"]
[EventType "team"]
[EventRounds "9"]
[EventCountry "AUT"]
[WhiteTeam "Switzerland"]
[BlackTeam "Croatia"]
[WhiteTeamCountry "SUI"]
[BlackTeamCountry "CRO"]

1. d4 Nf6 2. c4 e6 3. g3 c5 4. d5 exd5 5. cxd5 d6 6. Nc3 g6 7. Nf3 Bg7 8. Bg2
O-O 9. O-O Re8 10. Bf4 Na6 11. Re1 Bg4 12. Nd2 Nh5 13. Be3 Nc7 14. a4 Rxe3 15.
fxe3 Nf6 16. Nc4 Bc8 17. Nb5 Nce8 18. e4 Ng4 19. Bh3 a6 20. Bxg4 Bxg4 21. Nc3
Bd4+ 22. Kg2 Qe7 23. Qd3 Nf6 24. h3 Bd7 25. e5 Bxe5 26. Nxe5 Qxe5 27. e4 b6 28.
Rab1 b5 29. axb5 axb5 30. Nd1 b4 31. Nf2 h5 32. Qf3 Bb5 33. Qf4 Nd7 34. Qxe5
Nxe5 35. Ra1 Rb8 36. Ra7 g5 37. Rea1 Rb6 38. Rc7 Be2 39. Raa7 Kg7 40. Rcb7 Rxb7
41. Rxb7 Kf6 42. b3 g4 43. Rb6 Ke7 44. Rb7+ Kd8 45. Ra7 Kc8 46. hxg4 hxg4 47.
Ra2 Bb5 48. Ra5 Be2 49. Ra2 Bb5 50. Ra5 Be2 1/2-1/2

[Event "Mitropa Cup 34th"]
[Site "Mayrhofen"]
[Date "2015.06.16"]
[Round "3.3"]
[White "Martinovic, Sasa"]
[Black "Gallagher, Joseph G"]
[Result "1-0"]
[WhiteElo "2542"]
[BlackElo "2476"]
[PlyCount "77"]
[EventDate "2015.06.14"]
[EventType "team"]
[EventRounds "9"]
[EventCountry "AUT"]
[WhiteTeam "Croatia"]
[BlackTeam "Switzerland"]
[WhiteTeamCountry "CRO"]
[BlackTeamCountry "SUI"]

1. d4 Nf6 2. c4 g6 3. Nc3 Bg7 4. e4 d6 5. h3 O-O 6. Nf3 e5 7. d5 Nh5 8. g3 a5
9. Be3 Na6 10. Nd2 Nc5 11. Be2 Nf6 12. g4 Ne8 13. h4 f5 14. g5 Rf7 15. Qc2 Na6
16. exf5 Bxf5 17. Nde4 c6 18. a3 Rc8 19. O-O-O cxd5 20. Rxd5 Nac7 21. Bb6 Qd7
22. Bxc7 Qxc7 23. Rhd1 b6 24. Qd2 Qc6 25. Nxd6 Nxd6 26. Rxd6 Qc5 27. Qe3 Qxe3+
28. fxe3 Bf8 29. Rd8 Rxd8 30. Rxd8 Rd7 31. Rb8 Kg7 32. Nd5 Be6 33. Nf6 Ra7 34.
Rxb6 Kf7 35. Rc6 h5 36. Bd3 Bf5 37. Bxf5 gxf5 38. Nxh5 Be7 39. g6+ 1-0